| 000 | 00600nam a22001937a 4500 | ||
|---|---|---|---|
| 003 | PILC | ||
| 005 | 20160523103534.0 | ||
| 008 | 160523b xxu||||| |||| 00| 0 eng d | ||
| 020 | _a9789719804420 | ||
| 050 |
_aQR 67 _b.P35 2016 |
||
| 100 | _aPalmares, Aaron Jan S. | ||
| 245 |
_aDiagnostic microbiology workbook / _cAaron Jan S. Palmares. |
||
| 250 | _a1st edition. | ||
| 260 |
_aQuezon City : _bC & E Publishing, Inc., _c2016. |
||
| 300 |
_avii, 83 pages : _billustrations ; _c26 cm. |
||
| 500 | _aIncludes bibliographical references. | ||
| 650 | _aDiagnostic microbiology. | ||
| 942 |
_2lcc _cBK |
||
| 999 |
_c294691 _d294691 |
||